<?xml version="1.0" encoding="UTF-8"?>
<record
    xmlns:xsi="http://www.w3.org/2001/XMLSchema-instance"
    xsi:schemaLocation="http://www.loc.gov/MARC21/slim http://www.loc.gov/standards/marcxml/schema/MARC21slim.xsd"
    xmlns="http://www.loc.gov/MARC21/slim">

  <leader>00625nam a22001697a 4500</leader>
  <datafield tag="999" ind1=" " ind2=" ">
    <subfield code="c">61277</subfield>
    <subfield code="d">61277</subfield>
  </datafield>
  <controlfield tag="005">20240125091948.0</controlfield>
  <controlfield tag="008">240124s2022    enk||||| |||| 00| 0 eng d</controlfield>
  <datafield tag="020" ind1=" " ind2=" ">
    <subfield code="a">9798807522849x</subfield>
  </datafield>
  <datafield tag="041" ind1=" " ind2=" ">
    <subfield code="a">eng</subfield>
  </datafield>
  <datafield tag="080" ind1=" " ind2=" ">
    <subfield code="a">004.056.53 H-75</subfield>
  </datafield>
  <datafield tag="100" ind1=" " ind2=" ">
    <subfield code="a"> Holmes, T. A.</subfield>
    <subfield code="9">21111</subfield>
  </datafield>
  <datafield tag="245" ind1=" " ind2=" ">
    <subfield code="a">Cybersecurity for Beginners 2022 : </subfield>
    <subfield code="b">A Comprehensive Guide and Effective Tips to Getting Started and Advancing in Your Cybersecurity Career /</subfield>
    <subfield code="c">Todd A. Holmes.</subfield>
  </datafield>
  <datafield tag="264" ind1=" " ind2=" ">
    <subfield code="a">London,</subfield>
    <subfield code="c">2022.</subfield>
  </datafield>
  <datafield tag="300" ind1=" " ind2=" ">
    <subfield code="a">163 p.</subfield>
    <subfield code="b">21 cm.</subfield>
  </datafield>
  <datafield tag="653" ind1=" " ind2=" ">
    <subfield code="a">&#x10D9;&#x10D8;&#x10D1;&#x10D4;&#x10E0;&#x10E3;&#x10E1;&#x10D0;&#x10E4;&#x10E0;&#x10D7;&#x10EE;&#x10DD;&#x10D4;&#x10D1;&#x10D0; &#x10D9;&#x10D0;&#x10E0;&#x10D8;&#x10D4;&#x10E0;&#x10D0;&#x10E8;&#x10D8;</subfield>
  </datafield>
  <datafield tag="942" ind1=" " ind2=" ">
    <subfield code="2">udc</subfield>
    <subfield code="c">&#x1CAC;&#x1C98;&#x1C92;&#x1C9C;&#x1C98;</subfield>
  </datafield>
  <datafield tag="952" ind1=" " ind2=" ">
    <subfield code="0">0</subfield>
    <subfield code="1">0</subfield>
    <subfield code="2">udc</subfield>
    <subfield code="4">0</subfield>
    <subfield code="6">00405653_H75</subfield>
    <subfield code="7">0</subfield>
    <subfield code="9">97719</subfield>
    <subfield code="a">CPL</subfield>
    <subfield code="b">CPL</subfield>
    <subfield code="c">GEN</subfield>
    <subfield code="d">2024-01-24</subfield>
    <subfield code="g">63.00</subfield>
    <subfield code="o">004.056.53 H-75</subfield>
    <subfield code="p">67163</subfield>
    <subfield code="r">2024-01-24</subfield>
    <subfield code="t">67163</subfield>
    <subfield code="w">2024-01-24</subfield>
    <subfield code="y">&#x1CAC;&#x1C98;&#x1C92;&#x1C9C;&#x1C98;</subfield>
    <subfield code="z">63 &#x10DA;.</subfield>
  </datafield>
</record>
